[Event "DEM U12 2017"]
[Site "Willingen GER"]
[Date "2017.06.06"]
[Round "5"]
[White "Krastev, Alexander"]
[Black "Colbow, Collin"]
[Result "1-0"]
[Termination "normal"]
[Board "1"]
[WhiteElo "2180"]
[BlackElo "1968"]
[WhiteClock "00:37:08"]
[BlackClock "00:32:12"]
[PlyCount "67"]
[WhiteFideId "12989983"]
[BlackFideId "16201132"]
[EventCountry "GER"]
[EventRounds "11"]
[EventType "swiss"]
[EventDate "2017.06.03"]

1. e4 {[%clk 1:16:22]} 1... e5 {[%clk 1:16:23]} 2. Bc4 {[%clk 1:16:37]} 2...
Nf6 {[%clk 1:16:45]} 3. d3 {[%clk 1:17:03]} 3... Nc6 {[%clk 1:17:05]} 4. Nc3 {
[%clk 1:17:19]} 4... Na5 {[%clk 1:17:09]} 5. Nge2 {[%clk 1:17:38]} 5... Nxc4 {
[%clk 1:15:22]} 6. dxc4 {[%clk 1:18:01]} 6... c6 {[%clk 1:13:34]} 7. O-O {
[%clk 1:18:18]} 7... Be7 {[%clk 1:12:27]} 8. a4 {[%clk 1:17:50]} 8... b6 {
[%clk 1:08:44]} 9. Ng3 {[%clk 1:17:09]} 9... d6 {[%clk 1:03:56]} 10. b3 { [%clk
1:16:20]} 10... O-O {[%clk 1:02:16]} 11. Ba3 {[%clk 1:15:45]} 11... Be6 { [%clk
1:01:58]} 12. Qf3 {[%clk 1:06:37]} 12... Qd7 {[%clk 1:01:58]} 13. h3 { [%clk
1:06:36]} 13... Ne8 {[%clk 0:44:14]} 14. Nf5 {[%clk 0:49:32]} 14... g6 { [%clk
0:38:29]} 15. Nxe7+ {[%clk 0:48:34]} 15... Qxe7 {[%clk 0:38:55]} 16. Qg3 {[%clk
0:45:33]} 16... Qf6 {[%clk 0:32:43]} 17. Rad1 {[%clk 0:39:12]} 17... Rd8 {[%clk
0:32:17]} 18. Bc1 {[%clk 0:39:07]} 18... Qg7 {[%clk 0:31:16]} 19. Qh4 { [%clk
0:38:55]} 19... g5 {[%clk 0:29:47]} 20. Bxg5 {[%clk 0:38:31]} 20... f6 { [%clk
0:29:47]} 21. Bh6 {[%clk 0:38:49]} 21... Qg6 {[%clk 0:30:05]} 22. Bxf8 { [%clk
0:38:52]} 22... Kxf8 {[%clk 0:30:30]} 23. f4 {[%clk 0:39:09]} 23... exf4 {[%clk
0:30:46]} 24. Rxf4 {[%clk 0:39:25]} 24... Rd7 {[%clk 0:30:53]} 25. Rdf1 {[%clk
0:39:20]} 25... Rf7 {[%clk 0:30:36]} 26. Ne2 {[%clk 0:38:48]} 26... Ke7 {[%clk
0:30:48]} 27. Nd4 {[%clk 0:39:07]} 27... Rg7 {[%clk 0:31:03]} 28. R4f2 { [%clk
0:38:54]} 28... Bd7 {[%clk 0:30:59]} 29. Nf5+ {[%clk 0:39:02]} 29... Bxf5
{[%clk 0:31:21]} 30. exf5 {[%clk 0:39:28]} 30... Qf7 {[%clk 0:31:43]} 31. Re2+
{[%clk 0:39:12]} 31... Kd7 {[%clk 0:32:01]} 32. a5 {[%clk 0:37:53]} 32... Qg8 {
[%clk 0:31:47]} 33. axb6 {[%clk 0:37:51]} 33... axb6 {[%clk 0:32:12]} 34. Rfe1
{[%clk 0:37:08]} 1-0

[Event "DEM U12 2017"]
[Site "Willingen GER"]
[Date "2017.06.06"]
[Round "5"]
[White "Lutz, Ruben"]
[Black "Weihrauch, Jakob"]
[Result "1/2-1/2"]
[Termination "normal"]
[Board "2"]
[WhiteElo "1893"]
[BlackElo "1965"]
[WhiteClock "00:29:21"]
[BlackClock "00:14:07"]
[PlyCount "59"]
[WhiteFideId "12975974"]
[BlackFideId "16210115"]
[EventCountry "GER"]
[EventRounds "11"]
[EventType "swiss"]
[EventDate "2017.06.03"]

1. d4 {[%clk 1:15:53]} 1... Nf6 {[%clk 1:15:47]} 2. Nf3 {[%clk 1:16:16]} 2...
g6 {[%clk 1:16:09]} 3. Bg5 {[%clk 1:16:38]} 3... Bg7 {[%clk 1:16:34]} 4. Nbd2 {
[%clk 1:16:58]} 4... O-O {[%clk 1:16:54]} 5. c3 {[%clk 1:17:19]} 5... d6 {
[%clk 1:17:04]} 6. e4 {[%clk 1:17:28]} 6... c5 {[%clk 1:17:29]} 7. dxc5 { [%clk
1:16:59]} 7... dxc5 {[%clk 1:17:52]} 8. Bc4 {[%clk 1:16:55]} 8... Nc6 { [%clk
1:18:07]} 9. Qe2 {[%clk 1:16:49]} 9... Qc7 {[%clk 1:17:13]} 10. O-O { [%clk
1:16:22]} 10... b6 {[%clk 1:15:00]} 11. Rfe1 {[%clk 1:14:33]} 11... Ng4 { [%clk
1:10:27]} 12. Bd5 {[%clk 1:11:01]} 12... Bb7 {[%clk 1:03:07]} 13. h3 { [%clk
1:10:23]} 13... Nge5 {[%clk 1:02:17]} 14. Nxe5 {[%clk 1:09:24]} 14... Bxe5
{[%clk 0:59:49]} 15. Nc4 {[%clk 1:04:18]} 15... Bg7 {[%clk 0:56:11]} 16. Ne3
{[%clk 0:56:40]} 16... h6 {[%clk 0:52:58]} 17. Bh4 {[%clk 0:56:58]} 17... e6
{[%clk 0:53:17]} 18. Bg3 {[%clk 0:55:55]} 18... Qe7 {[%clk 0:49:30]} 19. Bb3
{[%clk 0:54:37]} 19... Rfd8 {[%clk 0:46:15]} 20. Rad1 {[%clk 0:53:33]} 20...
Kh8 {[%clk 0:37:48]} 21. Nc4 {[%clk 0:50:51]} 21... Ba6 {[%clk 0:34:37]} 22.
Qf3 {[%clk 0:48:51]} 22... Bxc4 {[%clk 0:33:54]} 23. Bxc4 {[%clk 0:49:13]}
23... Ne5 {[%clk 0:34:10]} 24. Qe2 {[%clk 0:48:50]} 24... Rxd1 {[%clk 0:23:48]}
25. Rxd1 {[%clk 0:49:12]} 25... Rd8 {[%clk 0:23:44]} 26. Bb5 {[%clk 0:44:37]}
26... Rxd1+ {[%clk 0:17:46]} 27. Qxd1 {[%clk 0:43:05]} 27... g5 {[%clk 0:16:55]
} 28. Qh5 {[%clk 0:36:05]} 28... Ng6 {[%clk 0:15:32]} 29. Ba4 {[%clk 0:30:06]}
29... Qd8 {[%clk 0:14:07]} 30. Qd1 {[%clk 0:29:21]} 1/2-1/2

[Event "DEM U12 2017"]
[Site "Willingen GER"]
[Date "2017.06.06"]
[Round "5"]
[White "Röhr, Oliver"]
[Black "Musiolik, David"]
[Result "1/2-1/2"]
[Termination "normal"]
[Board "3"]
[WhiteElo "1706"]
[BlackElo "1984"]
[WhiteClock "00:43:55"]
[BlackClock "00:16:03"]
[PlyCount "43"]
[WhiteFideId "12987697"]
[BlackFideId "12972355"]
[EventCountry "GER"]
[EventRounds "11"]
[EventType "swiss"]
[EventDate "2017.06.03"]

1. d4 {[%clk 1:15:56]} 1... d5 {[%clk 1:15:51]} 2. c4 {[%clk 1:16:21]} 2... e6
{[%clk 1:16:14]} 3. Nc3 {[%clk 1:16:43]} 3... Be7 {[%clk 1:16:35]} 4. Nf3 {
[%clk 1:17:04]} 4... Nf6 {[%clk 1:15:56]} 5. Bg5 {[%clk 1:17:26]} 5... h6 {
[%clk 1:15:07]} 6. Bxf6 {[%clk 1:17:43]} 6... Bxf6 {[%clk 1:14:46]} 7. cxd5 {
[%clk 1:18:09]} 7... exd5 {[%clk 1:14:58]} 8. e3 {[%clk 1:18:34]} 8... c6 {
[%clk 1:05:57]} 9. h3 {[%clk 1:18:24]} 9... O-O {[%clk 1:04:40]} 10. Bd3 {
[%clk 1:18:44]} 10... Be6 {[%clk 0:59:00]} 11. O-O {[%clk 1:18:22]} 11... Nd7 {
[%clk 0:54:02]} 12. Ne2 {[%clk 1:16:20]} 12... Qb6 {[%clk 0:50:44]} 13. b3 {
[%clk 1:07:24]} 13... Rfc8 {[%clk 0:48:40]} 14. Nf4 {[%clk 1:04:50]} 14... c5 {
[%clk 0:42:04]} 15. Rc1 {[%clk 1:01:55]} 15... cxd4 {[%clk 0:34:21]} 16. Rxc8+
{[%clk 1:00:48]} 16... Rxc8 {[%clk 0:34:42]} 17. Nxe6 {[%clk 1:00:56]} 17...
Qxe6 {[%clk 0:28:09]} 18. Nxd4 {[%clk 1:00:57]} 18... Qd6 {[%clk 0:26:48]} 19.
Nb5 {[%clk 0:59:10]} 19... Qb6 {[%clk 0:26:20]} 20. Qf3 {[%clk 0:57:25]} 20...
g6 {[%clk 0:17:44]} 21. Qxd5 {[%clk 0:53:52]} 21... Ne5 {[%clk 0:16:03]} 22.
Qe4 {[%clk 0:43:55]} 1/2-1/2

[Event "DEM U12 2017"]
[Site "Willingen GER"]
[Date "2017.06.06"]
[Round "5"]
[White "Pubantz, Jan"]
[Black "Bui, Bao Anh Le"]
[Result "1/2-1/2"]
[Termination "normal"]
[Board "4"]
[WhiteElo "1999"]
[BlackElo "1748"]
[WhiteClock "00:04:51"]
[BlackClock "00:14:52"]
[PlyCount "59"]
[WhiteFideId "12996114"]
[BlackFideId "12970719"]
[EventCountry "GER"]
[EventRounds "11"]
[EventType "swiss"]
[EventDate "2017.06.03"]

1. d4 {[%clk 1:15:59]} 1... d5 {[%clk 1:15:56]} 2. c4 {[%clk 1:16:23]} 2... c6
{[%clk 1:16:24]} 3. Nf3 {[%clk 1:16:33]} 3... Nf6 {[%clk 1:16:51]} 4. Nc3 {
[%clk 1:16:23]} 4... Nbd7 {[%clk 1:16:32]} 5. g3 {[%clk 1:06:46]} 5... g6 {
[%clk 1:13:15]} 6. Bg2 {[%clk 0:58:52]} 6... Bg7 {[%clk 1:11:43]} 7. O-O {
[%clk 0:57:53]} 7... O-O {[%clk 1:11:03]} 8. cxd5 {[%clk 0:43:08]} 8... cxd5 {
[%clk 1:09:27]} 9. Bf4 {[%clk 0:43:03]} 9... Nb6 {[%clk 1:01:46]} 10. Rc1 {
[%clk 0:38:35]} 10... Nh5 {[%clk 0:57:14]} 11. Ne5 {[%clk 0:32:05]} 11... e6 {
[%clk 0:37:54]} 12. b3 {[%clk 0:23:31]} 12... Nd7 {[%clk 0:31:02]} 13. Nf3 {
[%clk 0:22:04]} 13... Nxf4 {[%clk 0:30:57]} 14. gxf4 {[%clk 0:22:29]} 14... b6
{[%clk 0:27:51]} 15. b4 {[%clk 0:21:11]} 15... Bb7 {[%clk 0:25:29]} 16. b5 {
[%clk 0:18:16]} 16... Rc8 {[%clk 0:24:29]} 17. e3 {[%clk 0:16:55]} 17... Qe7 {
[%clk 0:23:56]} 18. Qb3 {[%clk 0:17:08]} 18... Rc7 {[%clk 0:20:18]} 19. Rc2 {
[%clk 0:16:51]} 19... Rfc8 {[%clk 0:19:56]} 20. Rfc1 {[%clk 0:16:46]} 20... Bf8
{[%clk 0:18:37]} 21. Nd1 {[%clk 0:09:37]} 21... Rxc2 {[%clk 0:17:33]} 22. Rxc2
{[%clk 0:10:03]} 22... Rxc2 {[%clk 0:17:51]} 23. Qxc2 {[%clk 0:10:29]} 23...
Qd8 {[%clk 0:17:39]} 24. Bf1 {[%clk 0:09:32]} 24... Qc8 {[%clk 0:17:20]} 25.
Qxc8 Bxc8 26. Ne5 {[%clk 0:08:31]} 26... Nxe5 {[%clk 0:15:59]} 27. fxe5 { [%clk
0:08:20]} 27... Ba3 {[%clk 0:16:02]} 28. f3 {[%clk 0:06:54]} 28... Kf8 { [%clk
0:14:56]} 29. Kf2 {[%clk 0:06:39]} 29... Ke7 {[%clk 0:14:52]} 30. Bd3 { [%clk
0:04:51]} 1/2-1/2

[Event "DEM U12 2017"]
[Site "Willingen GER"]
[Date "2017.06.06"]
[Round "5"]
[White "Morgenstern, Tobias"]
[Black "Arakelian, Aik"]
[Result "0-1"]
[Termination "normal"]
[Board "5"]
[WhiteElo "1418"]
[BlackElo "1737"]
[WhiteClock "00:11:14"]
[BlackClock "00:38:59"]
[PlyCount "100"]
[WhiteFideId "12974390"]
[BlackFideId "16220340"]
[EventCountry "GER"]
[EventRounds "11"]
[EventType "swiss"]
[EventDate "2017.06.03"]

1. e4 {[%clk 1:15:58]} 1... c5 {[%clk 1:15:38]} 2. Nf3 {[%clk 1:16:22]} 2... d6
{[%clk 1:16:03]} 3. d4 {[%clk 1:16:41]} 3... cxd4 {[%clk 1:16:16]} 4. Nxd4 {
[%clk 1:17:10]} 4... Nf6 {[%clk 1:16:34]} 5. Nc3 {[%clk 1:17:30]} 5... g6 {
[%clk 1:16:32]} 6. Be3 {[%clk 1:17:24]} 6... Bg7 {[%clk 1:16:49]} 7. Bc4 {
[%clk 1:17:20]} 7... Nc6 {[%clk 1:16:56]} 8. f3 {[%clk 1:17:25]} 8... O-O {
[%clk 1:17:08]} 9. Qd2 {[%clk 1:17:46]} 9... Nd7 {[%clk 1:17:29]} 10. O-O-O {
[%clk 1:17:11]} 10... Nb6 {[%clk 1:17:40]} 11. Bb3 {[%clk 1:13:19]} 11... Na5 {
[%clk 1:17:38]} 12. Qe2 {[%clk 1:12:30]} 12... Bd7 {[%clk 1:17:35]} 13. h4 {
[%clk 1:07:46]} 13... Rc8 {[%clk 1:17:01]} 14. h5 {[%clk 1:07:12]} 14... Nbc4 {
[%clk 1:16:51]} 15. hxg6 {[%clk 0:58:44]} 15... fxg6 {[%clk 1:16:58]} 16. Bh6 {
[%clk 0:58:40]} 16... Bxh6+ {[%clk 1:16:04]} 17. Rxh6 {[%clk 0:58:28]} 17... e5
{[%clk 1:16:15]} 18. Bxc4+ {[%clk 0:50:29]} 18... Nxc4 {[%clk 1:16:28]} 19.
Rdh1 {[%clk 0:49:45]} 19... exd4 {[%clk 1:15:28]} 20. Nd5 {[%clk 0:49:50]}
20... Rf7 {[%clk 1:14:28]} 21. Qd3 {[%clk 0:48:56]} 21... Ne3 {[%clk 1:09:24]}
22. Qxd4 {[%clk 0:32:16]} 22... Nxd5 {[%clk 1:09:28]} 23. Rxg6+ {[%clk 0:32:19]
} 23... Kf8 {[%clk 1:08:55]} 24. exd5 {[%clk 0:32:28]} 24... Bf5 { [%clk
0:59:43]} 25. Re1 {[%clk 0:27:51]} 25... Rxc2+ {[%clk 0:55:49]} 26. Kd1 { [%clk
0:26:53]} 26... Rc1+ {[%clk 0:52:59]} 27. Kxc1 {[%clk 0:27:14]} 27... Qc7+
{[%clk 0:53:11]} 28. Kd2 {[%clk 0:27:05]} 28... Qc2+ {[%clk 0:46:01]} 29. Ke3
{[%clk 0:27:23]} 29... Bxg6 {[%clk 0:45:52]} 30. Qh8+ {[%clk 0:22:35]} 30...
Ke7 {[%clk 0:44:36]} 31. Kd4+ {[%clk 0:22:55]} 31... Kd7 {[%clk 0:43:18]} 32.
Qe8+ {[%clk 0:23:07]} 32... Kc7 {[%clk 0:42:56]} 33. Re7+ {[%clk 0:22:54]}
33... Kb6 {[%clk 0:37:01]} 34. Qd8+ {[%clk 0:21:39]} 34... Kb5 {[%clk 0:37:02]}
35. Qd7+ {[%clk 0:19:12]} 35... Ka5 {[%clk 0:37:09]} 36. b4+ {[%clk 0:17:49]}
36... Kxb4 {[%clk 0:36:57]} 37. Qxb7+ {[%clk 0:17:55]} 37... Ka3 { [%clk
0:36:51]} 38. Qa6+ {[%clk 0:17:01]} 38... Qa4+ {[%clk 0:37:00]} 39. Qxa4+
{[%clk 0:17:13]} 39... Kxa4 {[%clk 0:37:24]} 40. Rxf7 {[%clk 0:16:11]} 40...
Bxf7 {[%clk 0:37:41]} 41. f4 {[%clk 0:16:28]} 41... Ka3 {[%clk 0:37:58]} 42. g4
{[%clk 0:15:48]} 42... a5 {[%clk 0:38:03]} 43. Kc4 {[%clk 0:11:53]} 43... a4 {
[%clk 0:38:09]} 44. Kc3 {[%clk 0:10:13]} 44... Bxd5 {[%clk 0:38:29]} 45. f5 {
[%clk 0:10:13]} 45... Kxa2 {[%clk 0:38:38]} 46. Kc2 {[%clk 0:10:32]} 46... h6 {
[%clk 0:38:24]} 47. f6 {[%clk 0:10:34]} 47... a3 {[%clk 0:38:47]} 48. Kc1 {
[%clk 0:10:50]} 48... Bf7 {[%clk 0:38:41]} 49. Kc2 {[%clk 0:10:49]} 49... Bg6+
{[%clk 0:38:34]} 50. Kc1 {[%clk 0:11:14]} 50... d5 {[%clk 0:38:59]} 0-1

[Event "DEM U12 2017"]
[Site "Willingen GER"]
[Date "2017.06.06"]
[Round "5"]
[White "Evering, Sören"]
[Black "Gallasch, Jonas"]
[Result "1/2-1/2"]
[Termination "normal"]
[Board "6"]
[WhiteElo "1718"]
[BlackElo "1813"]
[WhiteClock "00:14:06"]
[BlackClock "00:12:11"]
[PlyCount "53"]
[WhiteFideId "12974650"]
[BlackFideId "16222474"]
[EventCountry "GER"]
[EventRounds "11"]
[EventType "swiss"]
[EventDate "2017.06.03"]

1. e4 {[%clk 1:15:55]} 1... c5 {[%clk 1:15:51]} 2. Nf3 {[%clk 1:16:16]} 2...
Nc6 {[%clk 1:16:12]} 3. d4 {[%clk 1:16:38]} 3... cxd4 {[%clk 1:16:34]} 4. Nxd4
{[%clk 1:17:00]} 4... g6 {[%clk 1:16:56]} 5. Nc3 {[%clk 1:17:00]} 5... Bg7 {
[%clk 1:17:15]} 6. Be3 {[%clk 1:17:13]} 6... Nf6 {[%clk 1:16:48]} 7. Bc4 {
[%clk 1:16:50]} 7... O-O {[%clk 1:16:37]} 8. Bb3 {[%clk 1:16:43]} 8... d6 {
[%clk 1:16:36]} 9. f3 {[%clk 1:16:53]} 9... Bd7 {[%clk 1:16:37]} 10. Qd2 {
[%clk 1:16:59]} 10... Nxd4 {[%clk 1:16:38]} 11. Bxd4 {[%clk 1:17:12]} 11... b5
{[%clk 1:16:53]} 12. O-O {[%clk 1:07:11]} 12... a5 {[%clk 1:10:49]} 13. a3 {
[%clk 1:04:01]} 13... Qc7 {[%clk 1:06:06]} 14. Rfe1 {[%clk 1:01:09]} 14... Rfd8
{[%clk 0:46:39]} 15. Qf2 {[%clk 0:53:38]} 15... Rdc8 {[%clk 0:37:30]} 16. e5 {
[%clk 0:42:14]} 16... dxe5 {[%clk 0:30:59]} 17. Bxe5 {[%clk 0:41:56]} 17... Qb7
{[%clk 0:30:52]} 18. Rad1 {[%clk 0:36:20]} 18... Bc6 {[%clk 0:23:03]} 19. Bxf6
{[%clk 0:33:03]} 19... Bxf6 {[%clk 0:21:09]} 20. Nd5 {[%clk 0:32:46]} 20... Re8
{[%clk 0:19:37]} 21. Nxf6+ {[%clk 0:30:51]} 21... exf6 {[%clk 0:19:59]} 22. Qh4
{[%clk 0:28:43]} 22... Kg7 {[%clk 0:17:19]} 23. Rd6 {[%clk 0:23:27]} 23...
Rxe1+ {[%clk 0:12:30]} 24. Qxe1 {[%clk 0:23:33]} 24... Qc7 {[%clk 0:12:52]} 25.
Qd2 {[%clk 0:20:55]} 25... Rc8 {[%clk 0:13:08]} 26. c3 {[%clk 0:14:55]} 26...
Qe7 {[%clk 0:12:11]} 27. Kf2 {[%clk 0:14:06]} 1/2-1/2

[Event "DEM U12 2017"]
[Site "Willingen GER"]
[Date "2017.06.06"]
[Round "5"]
[White "Lohvinov, Petro"]
[Black "Tham, Nam"]
[Result "1/2-1/2"]
[Termination "normal"]
[Board "7"]
[WhiteElo "1823"]
[BlackElo "1762"]
[WhiteClock "00:09:42"]
[BlackClock "00:37:30"]
[PlyCount "67"]
[WhiteFideId "14176661"]
[BlackFideId "12997331"]
[EventCountry "GER"]
[EventRounds "11"]
[EventType "swiss"]
[EventDate "2017.06.03"]

1. e4 {[%clk 1:15:54]} 1... e5 {[%clk 1:15:56]} 2. Nf3 {[%clk 1:16:18]} 2...
Nc6 {[%clk 1:16:23]} 3. d4 {[%clk 1:16:42]} 3... exd4 {[%clk 1:16:47]} 4. Nxd4
{[%clk 1:17:07]} 4... Bc5 {[%clk 1:17:10]} 5. Nb3 {[%clk 1:16:40]} 5... Bb6 {
[%clk 1:17:09]} 6. Nc3 {[%clk 1:16:21]} 6... d6 {[%clk 1:17:02]} 7. Qe2 { [%clk
1:15:34]} 7... h6 {[%clk 1:13:47]} 8. Be3 {[%clk 1:14:51]} 8... Bxe3 { [%clk
1:13:13]} 9. Qxe3 {[%clk 1:14:56]} 9... Nge7 {[%clk 1:13:02]} 10. f3 { [%clk
1:12:57]} 10... Be6 {[%clk 1:12:05]} 11. O-O-O {[%clk 1:12:04]} 11... Bxb3
{[%clk 1:10:47]} 12. cxb3 {[%clk 1:12:07]} 12... Qd7 {[%clk 1:10:03]} 13. Kb1
{[%clk 0:55:58]} 13... O-O-O {[%clk 1:09:29]} 14. Bc4 {[%clk 0:48:44]} 14... f5
{[%clk 1:04:08]} 15. Rhe1 {[%clk 0:38:00]} 15... Kb8 {[%clk 1:02:57]} 16. Qg1
{[%clk 0:32:10]} 16... a6 {[%clk 1:01:16]} 17. e5 {[%clk 0:30:19]} 17... Qe8
{[%clk 0:55:51]} 18. exd6 {[%clk 0:30:21]} 18... Rxd6 {[%clk 0:56:03] } 19.
Rxd6 {[%clk 0:30:10]} 19... cxd6 {[%clk 0:56:28]} 20. Nd5 {[%clk 0:23:33] }
20... Qd8 {[%clk 0:54:21]} 21. Nxe7 {[%clk 0:23:48]} 21... Nxe7 { [%clk
0:54:10]} 22. Qd4 {[%clk 0:21:17]} 22... g5 {[%clk 0:53:06]} 23. Rd1 { [%clk
0:20:26]} 23... Kc7 {[%clk 0:51:44]} 24. Be6 {[%clk 0:17:42]} 24... f4 { [%clk
0:47:09]} 25. Rc1+ {[%clk 0:17:40]} 25... Kb8 {[%clk 0:44:31]} 26. Rd1 { [%clk
0:17:29]} 26... Kc7 {[%clk 0:44:48]} 27. Qc4+ {[%clk 0:16:34]} 27... Kb8 {[%clk
0:43:13]} 28. Qb4 {[%clk 0:16:34]} 28... Nc8 {[%clk 0:38:47]} 29. Bxc8 { [%clk
0:14:42]} 29... Qxc8 {[%clk 0:39:08]} 30. Qxd6+ {[%clk 0:15:04]} 30... Ka8
{[%clk 0:39:31]} 31. Qd7 {[%clk 0:14:39]} 31... Qc5 {[%clk 0:39:07]} 32. Qd4
{[%clk 0:14:34]} 32... Qf5+ {[%clk 0:39:09]} 33. Qe4 {[%clk 0:14:03]} 33... Qf7
{[%clk 0:37:30]} 34. Qd5 {[%clk 0:09:42]} 1/2-1/2

[Event "DEM U12 2017"]
[Site "Willingen GER"]
[Date "2017.06.06"]
[Round "5"]
[White "Stockmann, Till"]
[Black "Hommer, Jeremy"]
[Result "0-1"]
[Termination "normal"]
[Board "8"]
[WhiteElo "1724"]
[BlackElo "1899"]
[WhiteClock "00:09:39"]
[BlackClock "00:06:08"]
[PlyCount "96"]
[WhiteFideId "12979341"]
[BlackFideId "12992577"]
[EventCountry "GER"]
[EventRounds "11"]
[EventType "swiss"]
[EventDate "2017.06.03"]

1. e4 {[%clk 1:15:56]} 1... c6 {[%clk 1:15:53]} 2. d4 {[%clk 1:16:16]} 2... d5
{[%clk 1:16:16]} 3. e5 {[%clk 1:16:39]} 3... Bf5 {[%clk 1:16:37]} 4. Nf3 {
[%clk 1:16:56]} 4... e6 {[%clk 1:17:00]} 5. Be2 {[%clk 1:17:15]} 5... c5 {
[%clk 1:17:21]} 6. Be3 {[%clk 1:17:22]} 6... Ne7 {[%clk 1:03:50]} 7. O-O {
[%clk 1:07:39]} 7... Nec6 {[%clk 1:00:24]} 8. Nc3 {[%clk 1:02:39]} 8... a6 {
[%clk 0:54:38]} 9. a4 {[%clk 0:59:24]} 9... Nd7 {[%clk 0:50:58]} 10. Qd2 {
[%clk 0:56:46]} 10... Be7 {[%clk 0:49:05]} 11. Rfe1 {[%clk 0:52:15]} 11... O-O
{[%clk 0:47:01]} 12. Bf1 {[%clk 0:48:37]} 12... Rc8 {[%clk 0:44:20]} 13. Rac1 {
[%clk 0:47:09]} 13... Bg6 {[%clk 0:42:52]} 14. Ne2 {[%clk 0:46:56]} 14... cxd4
{[%clk 0:42:54]} 15. Bxd4 {[%clk 0:46:55]} 15... Nxd4 {[%clk 0:40:32]} 16.
Nexd4 {[%clk 0:46:37]} 16... Nc5 {[%clk 0:40:12]} 17. Qf4 {[%clk 0:41:35]}
17... Qa5 {[%clk 0:34:04]} 18. b3 {[%clk 0:38:51]} 18... Ne4 {[%clk 0:32:32]}
19. c4 {[%clk 0:37:28]} 19... Bb4 {[%clk 0:30:56]} 20. Re2 {[%clk 0:34:33]}
20... Nc3 {[%clk 0:28:53]} 21. Re3 {[%clk 0:34:02]} 21... dxc4 {[%clk 0:28:17]}
22. Bxc4 {[%clk 0:32:15]} 22... Nd5 {[%clk 0:28:10]} 23. Qg5 {[%clk 0:30:03]}
23... Be7 {[%clk 0:25:41]} 24. Qg3 {[%clk 0:29:00]} 24... Nxe3 {[%clk 0:25:50]}
25. fxe3 {[%clk 0:29:28]} 25... Kh8 {[%clk 0:24:11]} 26. Rf1 {[%clk 0:28:45]}
26... Qc3 {[%clk 0:21:39]} 27. Qf4 {[%clk 0:19:26]} 27... Bd3 {[%clk 0:19:20]}
28. Bxd3 {[%clk 0:19:01]} 28... Qxd3 {[%clk 0:19:19]} 29. Ng5 {[%clk 0:18:55]}
29... Bxg5 {[%clk 0:16:56]} 30. Qxg5 {[%clk 0:19:11]} 30... Kg8 {[%clk 0:16:29]
} 31. Qf4 {[%clk 0:18:32]} 31... Qg6 {[%clk 0:15:19]} 32. Rf3 {[%clk 0:17:37]}
32... Qh6 {[%clk 0:09:59]} 33. Qe4 {[%clk 0:15:50]} 33... Rc1+ {[%clk 0:10:02]}
34. Kf2 {[%clk 0:14:59]} 34... Qxh2 {[%clk 0:09:09]} 35. Qxb7 {[%clk 0:12:25]}
35... Qxe5 {[%clk 0:06:18]} 36. Qxa6 {[%clk 0:12:26]} 36... Rfc8 { [%clk
0:05:36]} 37. Qb7 {[%clk 0:10:15]} 37... Qc7 {[%clk 0:05:46]} 38. Qxc7 { [%clk
0:10:10]} 38... R8xc7 {[%clk 0:05:56]} 39. e4 {[%clk 0:09:32]} 39... e5 { [%clk
0:05:11]} 40. Nb5 {[%clk 0:08:50]} 40... R7c2+ {[%clk 0:05:25]} 41. Kg3 { [%clk
0:09:00]} 41... Rg1 {[%clk 0:04:15]} 42. Rd3 {[%clk 0:09:21]} 42... Rgxg2+
{[%clk 0:04:19]} 43. Kf3 {[%clk 0:09:34]} 43... Rcf2+ {[%clk 0:04:36]} 44. Ke3
{[%clk 0:09:44]} 44... Rg3+ {[%clk 0:04:50]} 45. Kxf2 {[%clk 0:10:07]} 45...
Rxd3 {[%clk 0:05:16]} 46. b4 {[%clk 0:09:29]} 46... Rb3 {[%clk 0:05:35]} 47. a5
{[%clk 0:09:24]} 47... Rxb4 {[%clk 0:05:58]} 48. Nc7 {[%clk 0:09:39]} 48... Rb7
{[%clk 0:06:08]} 0-1

[Event "DEM U12 2017"]
[Site "Willingen GER"]
[Date "2017.06.06"]
[Round "5"]
[White "Wang, Xinyuan"]
[Black "Milare, Tyron"]
[Result "1-0"]
[Termination "normal"]
[Board "9"]
[WhiteElo "1673"]
[BlackElo "1780"]
[WhiteClock "00:28:54"]
[BlackClock "00:00:48"]
[PlyCount "73"]
[WhiteFideId "16221494"]
[BlackFideId "12987018"]
[EventCountry "GER"]
[EventRounds "11"]
[EventType "swiss"]
[EventDate "2017.06.03"]

1. d4 {[%clk 1:15:57]} 1... Nf6 {[%clk 1:15:53]} 2. c4 {[%clk 1:16:21]} 2... e6
{[%clk 1:16:18]} 3. Nc3 {[%clk 1:16:44]} 3... Bb4 {[%clk 1:16:40]} 4. Qc2 {
[%clk 1:17:04]} 4... O-O {[%clk 1:16:35]} 5. e4 {[%clk 1:17:08]} 5... d5 {
[%clk 1:16:16]} 6. e5 {[%clk 1:15:13]} 6... Nfd7 {[%clk 1:15:53]} 7. Bd3 {
[%clk 1:15:04]} 7... h6 {[%clk 1:15:26]} 8. a3 {[%clk 1:15:10]} 8... Bxc3+ {
[%clk 1:14:39]} 9. bxc3 {[%clk 1:15:29]} 9... dxc4 {[%clk 1:14:23]} 10. Bxc4 {
[%clk 1:15:16]} 10... c5 {[%clk 1:14:04]} 11. Nf3 {[%clk 1:15:06]} 11... Nc6 {
[%clk 1:13:20]} 12. Be3 {[%clk 1:14:30]} 12... Qa5 {[%clk 1:06:19]} 13. O-O {
[%clk 1:13:42]} 13... Nb6 {[%clk 1:05:32]} 14. Ba2 {[%clk 1:12:51]} 14... Qa4 {
[%clk 0:57:35]} 15. Bb3 {[%clk 1:09:36]} 15... Qa5 {[%clk 0:56:21]} 16. Bd2 {
[%clk 1:07:29]} 16... Nd7 {[%clk 0:55:03]} 17. Rfe1 {[%clk 1:05:33]} 17... Qc7
{[%clk 0:53:18]} 18. Qd3 {[%clk 1:02:07]} 18... Rd8 {[%clk 0:50:28]} 19. Qe4 {
[%clk 0:56:34]} 19... cxd4 {[%clk 0:47:52]} 20. cxd4 {[%clk 0:56:18]} 20... Nf8
{[%clk 0:47:39]} 21. Rac1 {[%clk 0:53:48]} 21... Qb6 {[%clk 0:41:32]} 22. Bd1 {
[%clk 0:49:46]} 22... Nxd4 {[%clk 0:39:18]} 23. Be3 {[%clk 0:49:57]} 23...
Nxf3+ {[%clk 0:39:43]} 24. Bxf3 {[%clk 0:50:15]} 24... Qa5 {[%clk 0:36:31]} 25.
Qg4 {[%clk 0:47:44]} 25... Ng6 {[%clk 0:33:44]} 26. h4 {[%clk 0:47:33]} 26...
Nxe5 {[%clk 0:30:24]} 27. Qg3 {[%clk 0:47:48]} 27... Nxf3+ {[%clk 0:30:47]} 28.
gxf3 {[%clk 0:47:26]} 28... Kh7 {[%clk 0:30:20]} 29. Red1 {[%clk 0:38:46]}
29... Rxd1+ {[%clk 0:23:25]} 30. Rxd1 {[%clk 0:39:15]} 30... e5 {[%clk 0:22:45]
} 31. f4 {[%clk 0:36:46]} 31... e4 {[%clk 0:19:25]} 32. Bd4 {[%clk 0:35:25]}
32... f6 {[%clk 0:18:58]} 33. Bc3 {[%clk 0:35:36]} 33... Qc7 {[%clk 0:15:28]}
34. h5 {[%clk 0:34:35]} 34... Qf7 {[%clk 0:12:22]} 35. Rd8 {[%clk 0:34:25]}
35... f5 {[%clk 0:07:49]} 36. Rd6 {[%clk 0:32:58]} 36... Kg8 {[%clk 0:00:48]}
37. Bxg7 {[%clk 0:28:54]} 1-0